000 00911nam a2200313 a 4500
001 vtls001438950
003 NLI
005 20210627122021.0
008 121130s1992 ii 000 0 eng
020 _cRs. 60.00 (pbk.)
039 9 _y201211301645
_zVLOAD
040 _aNLI
_beng
_cDatasoft_GENG
_eAACR2
041 0 _aeng
044 _aii
082 0 4 _a421.5
100 1 _aIyadurai, P.
_91003575
245 1 0 _aEnglish phonetics for Indian learners /
_cP. Iyadurai
260 _aTamil Nadu :
_bJones Pub.,
_c1992
300 _axii, 337 p. ;
_c20 cm.
650 0 _aEnglish language
_xPhonology
_9795049
650 0 _aEnglish language
_xGrammar, Generative
_9997379
650 0 _aEnglish language
_xPronunciation
887 _a
901 _aDB61628
_b29.04.1992
902 _aE 421.5 Iy 9 e
904 _l2232
949 _AVIRTUAITEM
_D10000
_X100
_6DBA000061628ENG
942 _2ddc
_cBKS
999 _aVIRTUA40
_c891759
_d891759